000 00639nam a2200181Ia 4500
008 100917s9999 xx 000 0 und d
082 _b31781
100 _aरजनीश भगवान
245 _aउपनिषदाच्या गवाक्षातून
260 _bजीवन जागृती प्रकाशन
_c1976
300 _a54
365 _b3
520 _aअध्यात्म
630 _aउपनिषदाच्या गवाक्षातून
650 _aअध्यात्म
730 _aउपनिषदाच्या गवाक्षातून
942 _cBOOK
999 _c637175
_d637172